Weighted Countries of the World - Statistics

General Stats
  • This quiz has been taken 127 times
    104 since last reset
  • The average score is 797 of 2302
Answers on the Map
Answers color-coded by a green-red scale on the quiz's map according to % correct below.
 
Answer Stats
Country Points % Correct
Nauru 21
75%
Tuvalu 20
73%
Kiribati 20
68%
Palau 20
68%
Vanuatu 20
68%
Fiji 15
67%
Federated States of Micronesia 19
65%
São Tomé and Príncipe 21
65%
Solomon Islands 19
65%
Marshall Islands 20
63%
Cape Verde 19
61%
Seychelles 19
61%
Tonga 19
61%
Saint Vincent and the Grenadines 20
60%
Comoros 21
57%
Mauritius 18
57%
Saint Kitts and Nevis 20
57%
Antigua and Barbuda 19
56%
East Timor 19
56%
Maldives 17
55%
Saint Lucia 19
55%
Barbados 17
53%
Brunei 19
53%
Samoa 19
53%
Trinidad and Tobago 17
53%
Grenada 20
52%
United States 1
52%
Democratic Republic of the Congo 9
51%
Lesotho 17
51%
Papua New Guinea 11
51%
Russia 2
49%
Bahamas 14
48%
Dominica 11
48%
Haiti 11
48%
Vatican City 13
48%
Burundi 19
47%
Togo 16
47%
Andorra 14
45%
Cuba 6
45%
Eswatini 18
45%
Malta 14
45%
Rwanda 16
45%
Dominican Republic 13
44%
Liechtenstein 16
44%
Republic of the Congo 10
44%
Bhutan 15
43%
Monaco 15
43%
San Marino 17
43%
China 2
41%
Canada 1
39%
Central African Republic 15
39%
Chad 11
37%
Gabon 18
37%
Niger 7
37%
Benin 18
36%
Gambia 18
36%
Guinea 15
36%
United Arab Emirates 10
36%
Australia 2
35%
Bahrain 18
35%
Equatorial Guinea 19
35%
Iran 5
35%
Nepal 10
35%
New Zealand 5
35%
Singapore 14
35%
United Kingdom 2
35%
Belize 15
33%
Jamaica 11
33%
Oman 11
33%
South Sudan 13
33%
Sri Lanka 11
33%
Suriname 15
33%
Guyana 15
32%
India 3
32%
Iraq 6
32%
Madagascar 6
32%
Sudan 9
32%
Yemen 10
32%
Angola 14
31%
Burkina Faso 19
31%
Kyrgyzstan 16
31%
Mali 13
31%
Mauritania 17
31%
Taiwan 12
31%
France 2
29%
Guinea-Bissau 20
29%
Japan 3
29%
Malawi 18
29%
Mexico 2
29%
Qatar 13
29%
Botswana 15
28%
Kazakhstan 9
28%
Kuwait 16
28%
Luxembourg 12
28%
Mongolia 7
28%
Tajikistan 16
28%
Uganda 15
28%
Uruguay 9
28%
Uzbekistan 12
28%
Brazil 2
27%
Djibouti 18
27%
Eritrea 17
27%
Paraguay 10
27%
Cameroon 16
25%
Cyprus 13
25%
Ghana 13
25%
Ivory Coast 15
25%
Laos 12
25%
Liberia 16
25%
Namibia 16
25%
North Korea 4
25%
Sierra Leone 18
25%
Zambia 15
25%
Denmark 5
24%
El Salvador 14
24%
Somalia 11
24%
South Korea 4
24%
Spain 2
24%
Tunisia 12
24%
Costa Rica 12
23%
Iceland 4
23%
Morocco 8
23%
Nigeria 9
23%
Portugal 4
23%
Senegal 16
23%
Zimbabwe 12
23%
Argentina 4
21%
Moldova 14
21%
Mozambique 16
21%
Panama 9
21%
South Africa 4
21%
Turkmenistan 14
21%
Armenia 14
20%
Ethiopia 11
20%
Ireland 4
20%
Italy 2
20%
Kosovo 15
20%
Pakistan 6
20%
Ukraine 6
20%
Algeria 10
19%
Azerbaijan 14
19%
Belarus 11
19%
Chile 4
19%
Estonia 10
19%
Guatemala 13
19%
Israel 8
19%
Kenya 11
19%
Lebanon 14
19%
Libya 11
19%
Nicaragua 14
19%
North Macedonia 13
19%
Serbia 11
19%
Thailand 8
19%
Turkey 5
19%
Afghanistan 8
17%
Albania 11
17%
Bangladesh 12
17%
Egypt 4
17%
Finland 5
17%
Indonesia 7
17%
Montenegro 15
17%
Myanmar 13
17%
Norway 4
17%
Saudi Arabia 7
17%
Sweden 4
17%
Cambodia 12
16%
Latvia 11
16%
Slovakia 10
16%
Slovenia 12
16%
Syria 11
16%
Bolivia 9
15%
Ecuador 11
15%
Georgia 13
15%
Lithuania 11
15%
Tanzania 15
15%
Germany 2
13%
Greece 5
13%
Jordan 12
13%
Malaysia 11
13%
Peru 6
13%
Vietnam 8
13%
Bulgaria 11
12%
Croatia 9
12%
Czech Republic 10
12%
Honduras 13
12%
Netherlands 6
12%
Poland 5
12%
Romania 9
12%
Switzerland 6
12%
Venezuela 9
12%
Belgium 7
11%
Bosnia and Herzegovina 12
11%
Colombia 7
11%
Philippines 9
11%
Austria 7
8%
Hungary 9
7%
No matching quizzes found
Score Distribution
Percent of People with Each Score
Percentile by Number Answered
Your Score History
You have not taken this quiz since the last reset